000 00630nam a2200205Ia 4500
001 7271
003 GE_BSU
008 181216s||||||||xx |||||||||||||| ||und||
040 _cGE_BSU
080 _a624.19+625.42
100 _aВолков,В.П. Наумов,С.Н. Пирожкова,А.Н.
245 _aТоннели и метрополитены.
245 _cПод ред. В.П.Волкова.
260 _aМ.
260 _bТранспорт.
260 _c1964.
300 _a632стр.с илл.27см.библиогр.:стр.624-626.
653 _aТоннели и метрополитены.
942 _cBK
999 _c40643
_d40643